1689 1137 1888 1528 1600 1246 1985 1491 1584 1873 1410 1127 1605 1334 1921 1386 1545 1910 1315 1340 1780 1344 1603 1778 1980 1464 1753 1663 1642 1425 1714 1173 1334 1691 1520 1564 1618 1064 1742 1406 1493 1111 1462 1604 1772 1667 1841 1744 1923 1823 1465 1743 1295 1303 1650 1759 1580 1389 1645 1146 1021 1902 1654 1036 1078 1018 1247 1627 1570 1579 1640 1363 1208 1262 1745 1270 1222 1629 1816 1452 1526 1439 1232 1314 1997 1022 1232 1858 1137 1294 1529 1649 1736 1626 1944 1446 1549 1242 1951 BCNSPRNW ULIB Ver.6.0+V

เปลี่ยนเป็นภาษาไทย

Change to English
 แสดงรายละเอียดบรรณานุกรม
  กลับหน้าหลัก

Brief Record : Get Marc (ISO 2709) : E-mail record : QR code < ปิดหน้าต่าง
LEADER : 00000nam 2200000uu 4500
001    13399112486
003     ULIB
008    110818s2551||||th 000 0 tha d
020    9789741110193
050  4 HQ56^bส723ช 2551
100 0  สิทธิพันธุ์ บุญญาภิสมภาร
245 00 ชีวิต ตัวตน และเรื่องเพศ ของสาวประเภทสอง /^cสิทธิพันธุ์ บุญญาภิสมภาร, รณภูมิ สามัคคีคารมย์ และพิมพวัลย์ บุญมงคล
250    พิมพ์ครั้งที่ 1
260    กรุงเทพฯ :^bมูลนิธิสร้างความเข้าใจเรื่องสุขภาพผู้หญิง(สคส.), ^c2551
300    77 หน้า :^bภาพประกอบ ;^c21 ซม.
650  4 ความผิดปกติทางเพศ
650  4 กะเทย
650  4 บทบาทตามเพศ
650  4 เพศศึกษา
700 0  รณภูมิ สามัคคีคารมย์
700 0  พิมพวัลย์ บุญมงคล
710 2  มหาวิทยาลัยมหิดล. สถาบันวิจัยประชากรและสังคม
710 2  มูลนิธิสร้างความเข้าใจเรื่องสุขภาพผู้หญิง (สคส.)
945    ^p140^l0^i024343
995    ทศพร
999 ^a ทศพร
รายการนี้ยังไม่มีแท็ก
คุณยังไม่ได้ล็อกอิน คุณสามารถมีกิจกรรมร่วมกับเว็บไซต์ได้ แต่ต้องล็อกอินก่อน ::
  ล็อกอิน

รายการสื่อสารสนเทศ

ลำดับที่ ประเภท เลขเรียก/บาร์โค้ด สถานที่ สถานะ
- ไม่พบข้อมูล -

รายการใกล้เคียง
    หัวเรื่อง [ความผิดปกติทางเพศ]
    หัวเรื่อง [กะเทย]
    หัวเรื่อง [เพศศึกษา]

BibComment


ยังไม่เคยถูกคอมเมนท์

คอมเมนท์ทรัพยากรรายการนี้
  คอมเมนท์: ชีวิต ตัวตน และเร..


 Copyright 2026. Bcnsprnw @Library